Представление документа в формате RUSMARC

ПолеНазваниеЗначение
  Тип записи a
  Библиографический уровень c
001 Контрольный номер RU/SLIB/B/208735752
005 Дата корректировки 20210415151658.0
010 Индекс ISBN __
a ISBN 225-00283-8
d Цена 34-00
101 Язык документа 0_
a Язык текста rus
c Язык оригинала rus
200 Заглавие и сведения об ответственности 1_
a Заглавие Книга о здоровье
e Сведения, относящиеся к заглавию сборник
f Первые сведения об ответственности под ред. Ю. П. Лисицина
b Общее обозначение материала Текст
210 Выходные данные 1_
a Место издания М.
c Издательство Медицина
d Дата издания 1988
215 Физическое описание __
a Объем 512 с.
330 Аннотация __
a Аннотация Строение и жизнедеятельность организма человека в различные возрастные периоды. Меры предупреждения заболеваний, способы закаливания, уход за больными детьми, борьба с вредными привычками.
606 Тематические рубрики __
a Основная рубрика Здравоохранение. Медицинские науки
a Основная рубрика Общая гигиена
606 Тематические рубрики __
a Основная рубрика Личная гигиена
610 Ключевые слова 0_
a Ключевые слова здоровье; педиатрия; закаливание; долголетие; здоровый образ жизни; старение организма; профилактика болезней; профилактика заболеваний
686 Индексы других классификаций __
a Классификационный индекс 51.204 ; ст51.204
702 Вторичная интеллектуальная ответственность _1
a Фамилия Лисицин
b Имя Ю. П.
4 Код отношения Редактор
4 Код отношения 340
801 Источник записи _0
a Страна RU
b Организация Муниципальное бюджетное учреждение культуры "Централизованная библиотечная система" г. Сургут (Центральная городская библиотека им. А. С. Пушкина)
g Правила каталогизации КиК/Михайлова; КиК/Котельникова
801 Источник записи _1
a Страна RU
b Организация Муниципальное бюджетное учреждение культуры "Централизованная библиотечная система" г. Сургут (Центральная городская библиотека им. А. С. Пушкина)
g Правила каталогизации КиК/Михайлова; КиК/Котельникова
852 Данные о местонахождении __
j Шифр хранения 51.204.0
c Каталожный индекс 51
i Авторский знак К 53
p Инвентарный номер 03070759
901 Тип документа 1_
t Тип документа x
903 Характеристики (МАРС) __
a Дата передачи 20030826
969 Тип издания __
a Тип издания сборник
990 Данные о заказе (DOS) __
j Количество экземпляров (DOS) 1
t N записи в КСУ для И/У (DOS) 200307